[Dějiny Saúdské Arábie]

Recenzia na knihu, ktorá obsahuje množstvo poznatkov, ktoré sú výsledkom dlhoročného výskumu. Jej celkový charakter a hĺbka autorovej erudície pomáhajú ozrejmiť mnohé chybné predstavy alebo nesprávnu interpretáciu faktov, ktoré neumožňujú jasný prienik čitateľa do zásadne uzavretej saudskoarabskej s...

Ausführliche Beschreibung

Gespeichert in:
Bibliographische Detailangaben
1. Verfasser: Sorby, Karol R.
Format: Buchkapitel
Sprache:Slowakisch
Schlagworte:
Tags: Tag hinzufügen
Keine Tags, Fügen Sie das erste Tag hinzu!

MARC

LEADER 00000nla a2200000 4500
001 0236515
005 20240502073827.2
041 0 |a slo 
044 |a SK 
245 1 0 |a [Dějiny Saúdské Arábie]  |c Karol R. Sorby 
520 |a Recenzia na knihu, ktorá obsahuje množstvo poznatkov, ktoré sú výsledkom dlhoročného výskumu. Jej celkový charakter a hĺbka autorovej erudície pomáhajú ozrejmiť mnohé chybné predstavy alebo nesprávnu interpretáciu faktov, ktoré neumožňujú jasný prienik čitateľa do zásadne uzavretej saudskoarabskej spoločnosti. Autor prináša čitateľovi živý, plnokrvný obraz ešte stále tradičnej, konzervatívnej spoločnosti s jej hlboko zakorenenými islámskymi hodnotami, keď krajina zápasí so sekulárnymi účinkami západnej modernizácie s jej všadeprítomnou kultúrou a konzumným životným štýlom. 
610 2 0 |a recenzie 
610 2 0 |a Saudská Arábia 
610 2 0 |a história 
100 1 |a Sorby, Karol R.